ordinance No.2 of 1933.An ordinance To Amend The Medical ordinance,1927..[Date of Governor's Assent : February 25,1933.] [Date of Commencement :February 25,1933 ] (Record no. 49997)
[ view plain ]
| 000 -LEADER | |
|---|---|
| fixed length control field | 00583nam a2200145Ia 4500 |
| 008 - FIXED-LENGTH DATA ELEMENTS--GENERAL INFORMATION | |
| fixed length control field | 180921t xxu||||| ||||o00| 0 eng d |
| 041 ## - LANGUAGE CODE | |
| Language code of text/sound track or separate title | English |
| 080 ## - UNIVERSAL DECIMAL CLASSIFICATION NUMBER | |
| Universal Decimal Classification number | The Ordinances Of Ceylon 1933-1934 |
| 942 ## - ADDED ENTRY ELEMENTS (KOHA) | |
| Koha item type | Books |
| 003 - CONTROL NUMBER IDENTIFIER | |
| control field | LK-CoDNM |
| 040 ## - CATALOGING SOURCE | |
| Original cataloging agency | LK-CoDNM |
| Modifying agency | LK-CoDNM |
| Description conventions | LK-CoDNM |
| 245 ## - TITLE STATEMENT | |
| Title | ordinance No.2 of 1933.An ordinance To Amend The Medical ordinance,1927..[Date of Governor's Assent : February 25,1933.] [Date of Commencement :February 25,1933 ] |
| 300 ## - PHYSICAL DESCRIPTION | |
| Extent | p.1-2, 24 cm |
| 500 ## - GENERAL NOTE | |
| General note | *Proclamation Dated February 14,1933,Published In Government Gazette No.7,968 Of February 17,1933. |
| Withdrawn status | Lost status | Damaged status | Not for loan | Collection code | Permanent Location | Current Location | Date acquired | Full call number | Koha item type |
|---|---|---|---|---|---|---|---|---|---|
| Government Publications | Library National Museum Colombo - Sri Lanka | Library National Museum Colombo - Sri Lanka | 2013-06-07 | The Ordinances Of Ceylon 1933-1934 | Books |


